| 000 | 00774nam a22002177a 4500 | ||
|---|---|---|---|
| 999 |
_c4778 _d4778 |
||
| 003 | AR-CdUCM | ||
| 008 | 190311b ||||| |||| 00| 0 spa d | ||
| 040 |
_aMUNICIPALIDAD PROVINCIAL DEL CUSCO _cBIBLIOTECA MUNICIPAL DEL CUSCO |
||
| 082 |
_a869.56 / _bV24 |
||
| 100 |
_aValle Degregori, Alfredo _914768 |
||
| 245 | _aUn pasaje para el leteo / | ||
| 260 |
_aLima : _bPubliart, _c1998. |
||
| 300 |
_a41 paginas ; _c19 cm. |
||
| 505 | _aContenido : Diez sonetos quevedianos -- Salir -- Emporio de la furia -- Candida de la flor -- Fruta mujer -- Fiebre voraz -- doble sadismo ... | ||
| 650 |
_aPoesÃa peruana _9806 |
||
| 650 |
_aLiteratura peruana _9169 |
||
| 650 |
_aLiteratura latinoamericana _91143 |
||
| 710 |
_aConcytec _92809 |
||
| 942 |
_2ddc _cLIBROS |
||
| 945 | _arah | ||